000 00847cam a2200253 4500
001 A277
008 090401t1993 xxu||||| |||| 00| 0 eng d
035 _a(Sirsi) u95349
041 _aeng
110 _aRoyal Institution of Chartered Surveyors
_94900
245 _aDraft planning policy guidance on transport
260 _bRICS
_c1993
300 _a8p
350 _a3
490 _aRICS Memorandum
_vGCPPA/Report(93)14
520 _aComments made in reponse to a draft planning policy guidance note on transport issued in April 1993. The draft guidance is intended to replace PPG13, `Highway considerations in development control`.
650 _aDRAFT PPG
650 _aMOTORWAY SERVICE AREAS
650 _aPLANNING POLICY
650 _aTRANSPORT POLICY
690 _aPLANNING LAW AND PRACTICE
942 _n0
948 _c04/03/1997
999 _c98440
_d98440